01016nam a2200217Ia 4500003000900000008004100009020001800050040001600068080002100084111011000105245025700215260003600472300002300508650001700531650002800548700003000576700002900606942000700635999001700642952013900659IN-BaIIA211028s9999 xx 000 0 eng d a0-7503-0330-1 cIIA Library a524.37(063)bASY aUniversity of Haifa At Oranim Conference on Asymmetrical Planetary NebulaecOranimd1994 Aug. 8-11920427 0aAsymmetrical Planetary nebulaebproceedings of the University of Haifa at Oranim Conference on asymmetrical Planetary nebulae, held in Oranim, Israel, August 8-11,1994cedited by Amos Harpaz and noam Soker  aJerusalembIOP Publishingc1995 a[various pagings.] aNebulae9976 aPlanetary nebulae95510 aHarpaz, Amos., ed.920428 aSoker, Noam., ed.920429 cBK c11781d11781 00104070aBANbBANcGENd1996-06-14eWP g3140.70l0o524.37(063)/ ASYp12696r2021-11-05v3140.70w1996-06-14yBKGRs. 3140.70